MARC

LEADER 00000nam0a2200000 4500
001 50397
005 20231031033009.0
035 |a (RuTPU)RU\TPU\book\52777 
090 |a 50397 
100 |a 20030416d1982 m y0rusy50 ca 
101 0 |a rus 
102 |a RU 
105 |a a j 001zy 
200 1 |a Материалы ядерной техники  |e учебник  |f В. В. Герасимов, А. С. Монахов 
205 |a 2-е изд., перераб. и доп. 
210 |a Москва  |c Энергоиздат  |d 1982 
215 |a 288 с.  |c ил. 
320 |a Библиогр.: с. 285-286. 
451 1 |0 (RuTPU)RU\TPU\book\74448  |t Материалы ядерной техники  |o учебное пособие  |f В. В. Герасимов, А. С. Монахов  |c Москва  |n Атомиздат  |d 1973  |p 334 с.  |a Герасимов, Валентин Владимирович 
610 1 |a ядерная техника 
610 1 |a ядерные реакторы 
610 1 |a материалы 
610 1 |a теплоносители 
610 1 |a ядерные материалы 
610 1 |a структура 
610 1 |a свойства 
610 1 |a прочность 
610 1 |a коррозия 
610 1 |a конструкционные материалы 
610 1 |a учебные пособия 
675 |a 621.039.53/.54(075.8)  |v 3 
700 1 |a Герасимов  |b В. В.  |g Валентин Владимирович 
701 1 |a Монахов  |b А. С.  |g Александр Семенович 
801 1 |a RU  |b 63413507  |c 20030416  |g PSBO 
801 2 |a RU  |b 63413507  |c 20201008  |g PSBO 
900 |a Материалы ядерных реакторов 
900 |a Материалы ядерных энергетических установок 
900 |a Специальные материалы ядерных энергетических установок 
942 |c BK